000 00962nam a2200193 a 4500
001 33057
005 20180714000903.0
008 140415s2010 mx 000 0 spa d
020 _a9709173804
041 _aspa
082 _a344.4601
_bRUI
100 1 _aRUIZ LUGO, SERGIO
245 1 0 _aPRACTICA DEL JUCIO LABORAL
250 _a1a ed.ICIÓN
260 _aMEXICO :
_bPAIDOS,
_c2010
300 _a510
_c15 x 4 x 22
520 _aPRACTICA DE ENJUCIAMIENTO LABORAL, ES UNA OBRA MUY COMPLETA ESCRITO EN UN ESTILO FACIL Y COMPRENSIBLE PARA JURISTAS, EXPERTOS, EL COMUN DE LAS PERSONAS Y, ESPECIALMENTE PARA ESTUDIANTES, PRINCIPIANTES EM LA PROFESION Y TRABAJADORES. ABRACA DESDE LA ESTRUCTURA Y FUNCIONAMIENTO DE LOS ORGANOS DE ADMINISTRACION E IMPARTICION DE JUSTICIA LABORAL; TRATA LOS DIVERSOS TIPOS DE PROCEDIMIENTOS LABORALES LO QUE COMPLEMENTA CON UN PRACTICO FORMULARIO CON ESCRITOS Y ACTOS DE PROCEDIMIENTOS PARA L
650 1 4 _aDERECHO
999 _c33057
_d33057